000 00427nam a2200181Ia 4500
001 18259
005 20260306171617.0
008 260306s9999||||xx |||||||||||||| ||und||
041 _aESP
082 _a658.402
_bD15
100 _aDaft, Richard
_eAUT
245 0 _aTeoría y diseño organizacional
260 _c2007
300 _axix, 620 páginas :
_ccm.
650 _aGEN
654 _aCAN
942 _cLIB
_dJUS
_fJUS
_2ddc
_n
999 _c18259
_d18259